Statistieken voor Alle landen die ooit meededen met Eurovisie

Klik hier om de quiz te nemen!

Algemene statistieken

  • Deze quiz is 139 keer genomen
    (97 sinds de laatste reset)
  • De gemiddelde score is 38 van 51

Antwoordstatistieken

Land% Correct
Nederland
98%
België
97%
Zweden
97%
Spanje
95%
Noorwegen
92%
Portugal
92%
Duitsland
90%
Finland
90%
Frankrijk
90%
Denemarken
89%
Italië
89%
Letland
87%
Verenigd Koninkrijk
87%
Zwitserland
87%
Ierland
85%
Luxemburg
85%
Rusland
85%
Estland
84%
Litouwen
84%
Slowakije
82%
Wit-Rusland
80%
Andorra
79%
Griekenland
79%
Oekraïne
79%
Polen
79%
Slovenië
79%
IJsland
77%
Albanië
75%
Australië
74%
Hongarije
74%
Oostenrijk
74%
Bulgarije
72%
Monaco
70%
Turkije
70%
San Marino
69%
Servië
69%
Bosnië en Herzegovina
66%
Montenegro
66%
Roemenië
66%
Tsjechië
66%
Noord-Macedonië
64%
Kroatië
62%
Armenië
61%
Azerbeidzjan
59%
Malta
59%
Israël
56%
Moldavië
56%
Cyprus
52%
Georgië
51%
Marokko
41%
Joegoslavië
36%

Scoreverdeling

Percentiel versus Aantal Correcte Antwoorden

Procent van Mensen met Elke Score

Uw Scoregeschiedenis

U heeft deze quiz nog niet genomen sinds de laatste reset